[Event "NED-ch U17 Girls"]
[Site "Haarlem"]
[Date "2011.05.05"]
[Round "6"]
[White "Roelofs, Iris"]
[Black "Thoma, Sophia"]
[Result "0-1"]
[WhiteElo "1614"]
[BlackElo "1916"]
[PlyCount "66"]
[EventDate "2011.04.30"]
[EventType "swiss"]
[EventRounds "9"]
[EventCountry "NED"]
[SourceTitle "EXT 2012"]
[Source "ChessBase"]
[SourceDate "2011.11.24"]
[SourceVersion "1"]
[SourceVersionDate "2011.11.24"]
[SourceQuality "1"]

1. e4 e6 2. d4 d5 3. Nc3 Bb4 4. Nge2 dxe4 5. a3 Bxc3+ 6. Nxc3 Nc6 7. Bb5 Nge7 8. 0-0 0-0 9. Be3 f5 10. Bg5 h6 11. Bxc6 hxg5 12. Ba4 c6 13. Bb3 Nd5 14. Nxd5 exd5 15. Qe2 Qf6 16. c3 Be6 17. f3 Qh6 18. Rae1 g4 19. fxg4 fxg4 20. Rxf8+ Rxf8 21. Qe3 Qxe3+ 22. Rxe3 Kh7 23. Bd1 Kh6 24. Be2 Kg5 25. Rg3 Kf4 26. Kf2 Bf5 27. Kg1 e3 28. Kf1 b6 29. b4 a5 30. Bd1 axb4 31. cxb4 Re8 32. Ke2 Bc8 33. Ke1 Re4 0-1

[Event "NED-ch U17 Girls"]
[Site "Haarlem"]
[Date "2011.05.02"]
[Round "3"]
[White "Sekandar, Nilofar"]
[Black "Roelofs, Iris"]
[Result "1/2-1/2"]
[WhiteElo "1601"]
[BlackElo "1614"]
[PlyCount "104"]
[EventDate "2011.04.30"]
[EventType "swiss"]
[EventRounds "9"]
[EventCountry "NED"]
[SourceTitle "EXT 2012"]
[Source "ChessBase"]
[SourceDate "2011.11.24"]
[SourceVersion "1"]
[SourceVersionDate "2011.11.24"]
[SourceQuality "1"]

1. e4 c5 2. c3 d5 3. exd5 Qxd5 4. Nf3 Nf6 5. d4 cxd4 6. cxd4 e6 7. Nc3 Qd8 8. Bb5+ Bd7 9. Qb3 Nc6 10. Be3 Be7 11. Ne5 0-0 12. Nxc6 Bxc6 13. Bxc6 bxc6 14. 0-0 Nd5 15. Ne4 Rb8 16. Qc2 Rb6 17. a3 h6 18. Qd2 f5 19. Nc3 Qb8 20. Nxd5 cxd5 21. Bf4 Rxb2 22. Bxb8 Rxd2 23. Bxa7 Ra8 24. Bc5 Bxc5 25. dxc5 Rc2 26. Rfc1 Rxc1+ 27. Rxc1 Rxa3 28. f4 Ra8 29. Kf2 Kf7 30. Ke3 g5 31. g3 Ke7 32. Kd4 Ra4+ 33. Ke3 g4 34. Kd3 Kd7 35. Rb1 Rc4 36. Rb7+ Ke8 37. Rh7 Rxc5 38. Rxh6 Kd7 39. Rh7+ Kd6 40. Rh6 Ra5 41. Kc3 Ra4 42. Rh8 Re4 43. Kd3 Ke7 44. Rh7+ Kf6 45. Rh8 Kg7 46. Re8 Re1 47. Kd4 Re2 48. Kd3 Re4 49. Kd2 Kf7 50. Rh8 Ke7 51. Kd3 Kd6 52. Rd8+ Kc7 1/2-1/2

[Event "NED-ch U17 Girls"]
[Site "Haarlem"]
[Date "2011.05.01"]
[Round "2"]
[White "Roelofs, Iris"]
[Black "Nicolai, Celine"]
[Result "1/2-1/2"]
[WhiteElo "1614"]
[BlackElo "1662"]
[PlyCount "69"]
[EventDate "2011.04.30"]
[EventType "swiss"]
[EventRounds "9"]
[EventCountry "NED"]
[SourceTitle "EXT 2012"]
[Source "ChessBase"]
[SourceDate "2011.11.24"]
[SourceVersion "1"]
[SourceVersionDate "2011.11.24"]
[SourceQuality "1"]

1. e4 e5 2. Nf3 Nc6 3. Nc3 Nf6 4. d4 exd4 5. Nxd4 Bc5 6. Be3 Nxd4 7. Bxd4 Qe7 8. Bxc5 Qxc5 9. Bd3 d6 10. 0-0 0-0 11. Nd5 Nxd5 12. exd5 g6 13. c4 Qd4 14. Qc2 Bd7 15. Rad1 Qf6 16. f4 Qd4+ 17. Kh1 Bg4 18. Be2 Bf5 19. Qb3 Qb6 20. Qc3 Rae8 21. Bf3 Re3 22. Qd4 Rfe8 23. Qxb6 axb6 24. b3 Bd3 25. Rg1 Be2 26. Bxe2 Rxe2 27. a4 Rf2 28. Rgf1 Ree2 29. Rxf2 Rxf2 30. g3 Rf3 31. Rb1 Kg7 32. Kg2 Rc3 33. Rb2 Kf6 34. h3 h5 35. Rb1 1/2-1/2

[Event "Enschede op-C U14"]
[Site "Enschede"]
[Date "2009.08.05"]
[Round "4"]
[White "Knottnerus, Ivo"]
[Black "Roelofs, Iris"]
[Result "1-0"]
[WhiteElo "1722"]
[BlackElo "1581"]
[PlyCount "43"]
[EventDate "2009.08.03"]
[EventType "swiss"]
[EventRounds "7"]
[EventCountry "NED"]
[SourceTitle "CBM 132 Extra"]
[Source "ChessBase"]
[SourceDate "2009.11.03"]
[SourceVersion "1"]
[SourceVersionDate "2009.11.03"]
[SourceQuality "1"]

1. e4 d5 2. exd5 Nf6 3. Nc3 Nxd5 4. Bc4 e6 5. d4 Nxc3 6. bxc3 Be7 7. Qg4 Bf6 8. Ba3 b6 9. Ne2 e5 10. Qf3 c6 11. dxe5 Be6 12. Bxe6 fxe6 13. exf6 Qxf6 14. Qxf6 gxf6 15. Bd6 e5 16. f4 Nd7 17. Ba3 Rg8 18. 0-0 0-0-0 19. Rad1 c5 20. fxe5 fxe5 21. Rf7 Rh8 22. Ng3 1-0

[Event "NED-ch U15 Girls"]
[Site "Venlo"]
[Date "2009.05.01"]
[Round "8"]
[White "Pijloo, Farahdiba"]
[Black "Roelofs, Iris"]
[Result "0-1"]
[WhiteElo "1510"]
[BlackElo "1407"]
[PlyCount "108"]
[EventDate "2009.04.24"]
[EventType "swiss"]
[EventRounds "9"]
[EventCountry "NED"]
[SourceTitle "EXT 2013"]
[Source "ChessBase"]
[SourceDate "2012.11.22"]
[SourceVersion "1"]
[SourceVersionDate "2012.11.22"]
[SourceQuality "1"]

1. e4 e6 2. d4 d5 3. Nc3 Nc6 4. e5 Bb4 5. a3 Bxc3+ 6. bxc3 Nge7 7. Qg4 Ng6 8. Bd2 Bd7 9. Be2 Qh4 10. Qf3 Qe7 11. Nh3 h6 12. 0-0 0-0-0 13. Rfb1 Rdf8 14. c4 Nxd4 15. Qe3 Nxe2+ 16. Qxe2 Qe8 17. Rb2 Bc6 18. Be3 a6 19. Bc5 Rfg8 20. f3 f6 21. Bd4 fxe5 22. Bxe5 Qe7 23. Bd4 e5 24. Bf2 d4 25. Bg3 Qc5 26. Qd3 Qd6 27. Kh1 Re8 28. Re1 Re7 29. Qf5+ Qe6 30. Qd3 Qf7 31. Rbb1 Rhe8 32. Nf2 h5 33. h3 Rd7 34. Ne4 Nf4 35. Bxf4 Qxf4 36. Nc5 Rde7 37. Rf1 Qf6 38. Ne4 Qh6 39. Rbe1 g5 40. Ng3 Rf7 41. Qb3 g4 42. c5 Rff8 43. f4 gxh3 44. Ne4 hxg2+ 45. Kxg2 Qg6+ 46. Qg3 Bxe4+ 47. Kh2 Qxg3+ 48. Kxg3 exf4+ 49. Rxf4 Bxc2 50. Rxe8+ Rxe8 51. Rxd4 Re3+ 52. Kf2 Rxa3 53. Rd2 Bf5 54. Re2 Kd7 0-1

[Event "NED-ch U15 Girls"]
[Site "Venlo"]
[Date "2009.04.30"]
[Round "7"]
[White "Osinga, Angelique"]
[Black "Roelofs, Iris"]
[Result "1-0"]
[WhiteElo "1558"]
[BlackElo "1407"]
[PlyCount "133"]
[EventDate "2009.04.24"]
[EventType "swiss"]
[EventRounds "9"]
[EventCountry "NED"]
[SourceTitle "EXT 2013"]
[Source "ChessBase"]
[SourceDate "2012.11.22"]
[SourceVersion "1"]
[SourceVersionDate "2012.11.22"]
[SourceQuality "1"]

1. e4 e6 2. d4 d5 3. exd5 exd5 4. Nf3 c5 5. Nc3 Nf6 6. Bg5 cxd4 7. Nxd4 Be6 8. Bb5+ Nbd7 9. Qe2 Qe7 10. Bxf6 gxf6 11. f4 f5 12. Bd3 0-0-0 13. Bxf5 Re8 14. 0-0-0 Bg7 15. Rhe1 Qd6 16. g3 Bxd4 17. Rxd4 Qc5 18. Qd2 Nb6 19. Bxe6+ fxe6 20. Na4 Nxa4 21. Rxa4 Kb8 22. Qd4 Qxd4 23. Rxd4 Rhf8 24. Kd2 Kc7 25. Kd3 Rf5 26. c4 dxc4+ 27. Rxc4+ Kd7 28. Ree4 Rd5+ 29. Rcd4 Rxd4+ 30. Kxd4 Rc8 31. Re2 Rc6 32. Rd2 Ke7 33. Ke4 Rc4+ 34. Kf3 Rc5 35. Re2 Kf6 36. g4 h6 37. h4 Rc6 38. Re5 a6 39. b3 Rc2 40. g5+ hxg5 41. hxg5+ Kf7 42. Re2 Rxe2 43. Kxe2 Kg6 44. Ke3 Kf5 45. Kf3 b6 46. a3 Kg6 47. Ke4 Kg7 48. Ke5 Kf7 49. g6+ Ke7 50. g7 Kf7 51. g8Q+ Kxg8 52. Kxe6 Kf8 53. f5 Ke8 54. f6 b5 55. b4 Kf8 56. f7 Kg7 57. Ke7 Kg6 58. f8Q Kg5 59. Qf6+ Kg4 60. Ke6 Kg3 61. Qf5 Kg2 62. Qf4 Kg1 63. Qd2 Kf1 64. Kf5 Kg1 65. Kf4 Kh1 66. Kg3 Kg1 67. Qg2# 1-0

[Event "NED-ch U15 Girls"]
[Site "Venlo"]
[Date "2009.04.26"]
[Round "3"]
[White "Roelofs, Iris"]
[Black "Dalemans, Diana"]
[Result "0-1"]
[WhiteElo "1407"]
[BlackElo "1850"]
[PlyCount "116"]
[EventDate "2009.04.24"]
[EventType "swiss"]
[EventRounds "9"]
[EventCountry "NED"]
[SourceTitle "EXT 2013"]
[Source "ChessBase"]
[SourceDate "2012.11.22"]
[SourceVersion "1"]
[SourceVersionDate "2012.11.22"]
[SourceQuality "1"]

1. d4 Nf6 2. c4 g6 3. Nf3 Bg7 4. e3 0-0 5. Nc3 d6 6. Be2 Nbd7 7. Bd2 e5 8. Qb3 c6 9. h3 a6 10. g4 b5 11. Qa3 exd4 12. Nxd4 b4 13. Qxb4 c5 14. Qa3 cxd4 15. exd4 Bb7 16. Rg1 Nb6 17. 0-0-0 Rc8 18. c5 dxc5 19. dxc5 Qe7 20. Bf4 Ne4 21. Nxe4 Qxe4 22. Be3 Na4 23. Rd2 Rfd8 24. Rgd1 Rxd2 25. Rxd2 Qh1+ 26. Bd1 Bxb2+ 27. Rxb2 Nxb2 28. Qxb2 Bf3 29. Qd2 Rb8 30. Qd6 Qxd1+ 31. Qxd1 Bxd1 32. Kxd1 Kf8 33. Kc2 Ke7 34. Bf4 Rc8 35. Bd6+ Ke6 36. Kd3 Kd5 37. Kc3 Re8 38. Kd3 Re1 39. Kc3 Re2 40. a4 Rxf2 41. Kb4 Kc6 42. Kc4 Rf3 43. h4 Rh3 44. Be7 Rg3 45. g5 Rg4+ 46. Kb3 Rxh4 47. Ka3 h6 48. gxh6 Rxh6 49. Kb4 Rh1 50. Ka5 Ra1 51. Bf6 Ra2 52. Be7 f5 53. Kb4 Re2 54. Bg5 Re4+ 55. Kb3 Kxc5 56. Bc1 f4 57. Ba3+ Kd5 58. Bf8 f3 0-1

[Event "NED-ch U15 Girls"]
[Site "Venlo"]
[Date "2009.04.24"]
[Round "1"]
[White "Roelofs, Iris"]
[Black "Hortensius, Myrre"]
[Result "1-0"]
[WhiteElo "1407"]
[BlackElo "1721"]
[PlyCount "105"]
[EventDate "2009.04.24"]
[EventType "swiss"]
[EventRounds "9"]
[EventCountry "NED"]
[SourceTitle "EXT 2013"]
[Source "ChessBase"]
[SourceDate "2012.11.22"]
[SourceVersion "1"]
[SourceVersionDate "2012.11.22"]
[SourceQuality "1"]

1. d4 d5 2. c4 c6 3. Nc3 Nf6 4. Bg5 e6 5. e4 dxe4 6. Nxe4 Qa5+ 7. Bd2 Qb6 8. Nxf6+ gxf6 9. Bc3 Bg7 10. Qd2 c5 11. d5 Qd6 12. Nf3 Nd7 13. Be2 Nb6 14. Rd1 Bd7 15. b4 Ba4 16. Rb1 Rd8 17. bxc5 Qxc5 18. Bb4 Qc7 19. d6 Qc6 20. c5 Nd5 21. Nd4 Qc8 22. Bf3 Bc6 23. Nxc6 Qxc6 24. Bxd5 Qxd5 25. Qxd5 exd5 26. Rd1 Kd7 27. Rxd5 Rhe8+ 28. Kd1 Re4 29. a3 Kc6 30. Rd2 Kb5 31. Re1 Rxe1+ 32. Kxe1 a5 33. Bc3 Kxc5 34. Bxa5 Rd7 35. Bb4+ Kc6 36. Rc2+ Kb6 37. Ke2 Bf8 38. Rc7 Rd8 39. Rxf7 f5 40. Rxf5 Kc6 41. Rc5+ Kb6 42. Rh5 Rd7 43. Rf5 Bg7 44. Kf3 Kc6 45. Ke4 b6 46. Rh5 Bf8 47. f4 Rg7 48. d7 Be7 49. Rd5 Bd8 50. Rd2 Rf7 51. g4 Rg7 52. g5 Rf7 53. h4 1-0

[Event "NED-ch U13 Girls"]
[Site "Rijswijk"]
[Date "2008.05.03"]
[Round "9"]
[White "Naber, Quirine"]
[Black "Roelofs, Iris"]
[Result "1/2-1/2"]
[WhiteElo "1117"]
[BlackElo "1178"]
[PlyCount "69"]
[EventDate "2008.05.01"]
[EventType "swiss"]
[EventRounds "9"]
[EventCountry "NED"]
[SourceTitle "EXT 2010"]
[Source "ChessBase"]
[SourceDate "2010.11.25"]
[SourceVersion "1"]
[SourceVersionDate "2010.11.25"]
[SourceQuality "1"]

1. e4 e5 2. Nf3 Nc6 3. Bc4 Bc5 4. Nc3 Nf6 5. h3 0-0 6. d3 h6 7. 0-0 d6 8. Be3 Bb4 9. Nd5 Nxd5 10. Bxd5 Ne7 11. Bb3 Ng6 12. d4 Qf6 13. dxe5 dxe5 14. c3 Bd6 15. Re1 Bd7 16. Ba4 b5 17. Bb3 a5 18. a4 c6 19. axb5 cxb5 20. Bd5 Rad8 21. Rxa5 Bc7 22. Ra7 Bb8 23. Ra1 Be6 24. Qb3 Bd7 25. Bc5 Bd6 26. Bxd6 Qxd6 27. Red1 Qf6 28. c4 bxc4 29. Bxc4 Bc6 30. Bd5 Rb8 31. Qc2 Bb5 32. Rab1 Qa6 33. Ra1 Qb6 34. Rab1 Rfc8 35. Qd2 1/2-1/2

[Event "NED-ch U13 Girls"]
[Site "Rijswijk"]
[Date "2008.05.01"]
[Round "2"]
[White "De Voogt, Willemijn"]
[Black "Roelofs, Iris"]
[Result "1-0"]
[WhiteElo "1360"]
[BlackElo "1178"]
[PlyCount "61"]
[EventDate "2008.05.01"]
[EventType "swiss"]
[EventRounds "9"]
[EventCountry "NED"]
[SourceTitle "EXT 2010"]
[Source "ChessBase"]
[SourceDate "2010.11.25"]
[SourceVersion "1"]
[SourceVersionDate "2010.11.25"]
[SourceQuality "1"]

1. e4 e5 2. Nf3 Nc6 3. d4 exd4 4. Nxd4 Nf6 5. Nxc6 bxc6 6. e5 Ng8 7. Nc3 Be7 8. Bd3 d6 9. Bf4 Be6 10. 0-0 f6 11. exd6 cxd6 12. Qh5+ Bf7 13. Qg4 g6 14. Rfe1 Kf8 15. Qh3 h5 16. Bd2 d5 17. Ne2 g5 18. Nd4 Qc7 19. Bg6 Qb6 20. Ne6+ Ke8 21. Be3 Qb8 22. Bxf7+ Kxf7 23. Bd4 Rh6 24. Qf5 Rg6 25. Re3 h4 26. Rae1 Qc8 27. Qf3 a6 28. Qh5 Nh6 29. Nxg5+ fxg5 30. Rxe7+ Kf8 31. Qxg6 1-0

[Event "NED-ch U13 Girls"]
[Site "Rijswijk"]
[Date "2008.05.01"]
[Round "1"]
[White "Roelofs, Iris"]
[Black "Tanweer, Ghazal"]
[Result "1-0"]
[WhiteElo "1178"]
[BlackElo "844"]
[PlyCount "65"]
[EventDate "2008.05.01"]
[EventType "swiss"]
[EventRounds "9"]
[EventCountry "NED"]
[SourceTitle "EXT 2010"]
[Source "ChessBase"]
[SourceDate "2010.11.25"]
[SourceVersion "1"]
[SourceVersionDate "2010.11.25"]
[SourceQuality "1"]

1. e4 e5 2. Nf3 Nc6 3. Bc4 Bc5 4. Nc3 Nf6 5. d3 0-0 6. 0-0 d6 7. h3 h6 8. Bd2 Nb4 9. a3 Nc6 10. Qc1 Nh5 11. Re1 Qf6 12. Nd5 Qg6 13. Nh4 Bxf2+ 14. Kxf2 Qg3+ 15. Kg1 Bxh3 16. Re2 Nd4 17. Rf2 Nf3+ 18. Nxf3 Rae8 19. Kf1 Bxg2+ 20. Ke2 Bxf3+ 21. Rxf3 Qg4 22. Be1 Re6 23. Qe3 Rf6 24. Nxf6+ gxf6 25. Bf2 c6 26. Rg1 Nf4+ 27. Kf1 Qxg1+ 28. Bxg1 Kh8 29. Qf2 Rg8 30. Qh4 Rg6 31. Bxf7 Rg7 32. Qxh6+ Rh7 33. Qf8# 1-0